000 00812naa a22002417u 4500
001 06451
003 HDC
007 cr cn ---aaaaa
008 210123p9999 ||||| |||| 00| 0 eng d
040 _aHDC
245 0 _aAddressing the Muslim Market : Can You Afford Not To ?
260 _a[no place] :
_b[publisher not identified],
_c[no year]
300 _a1 online resource (24 pages)
336 _atext
_2rdacontent
337 _acomputer
_2rdamedia
338 _aonline resource
_2rdacarrier
650 _amuslim consumer
_9584
650 _amuslim market
_zMalaysia
_96914
856 _zRequest full-text at [email protected]
942 _2lcc
942 _cAR
942 _kEMAG 000272
999 _c3775
_d3775